| 000 | 00994nam a2200265Ia 4500 | ||
|---|---|---|---|
| 003 | OSt | ||
| 005 | 20221005112016.0 | ||
| 006 | a|||||r|||| 00| 0 | ||
| 007 | ta | ||
| 008 | 221004b |||||||| |||| 00| 0 san d | ||
| 020 |
_a9788121702324 (hbk) _c500 |
||
| 024 | _a12068 | ||
| 037 |
_b379, 20/03/2014, Eastern Book Linkers _cTextual |
||
| 040 |
_aCRL _cCRL _bsan |
||
| 041 |
_2san _asan |
||
| 082 | _aO15,1D63,1, 152Q3 | ||
| 100 | _aशर्मा, श्रीनिवास, अनु. | ||
| 245 | 0 | _aकिरातार्जुनीयम् | |
| 246 | _aKirātārjunīyam | ||
| 260 |
_aवाराणसी _bभारतीय विद्या प्रकाशन भारत _c2013 |
||
| 300 |
_a448पृ0 _ccm. |
||
| 650 | _aसंस्कृत साहित्य | ||
| 942 |
_hO15,1D63,1, 152Q3 _cTEXL _2cc |
||
| 999 |
_c1023551 _d1023551 |
||